000 00660nam a22001937a 4500
999 _c19010
_d19010
003 AR-CdUCM
008 190516b ||||| |||| 00| 0 spa d
040 _aMUNICIPALIDAD PROVINCIAL DEL CUSCO
_cBIBLIOTECA MUNICIPAL DEL CUSCO
082 _24ed.
_a636.28 /
_bH84
100 _aHuanca, Teodosio
_940044
245 _aManual del alpaquero /
260 _aLima :
_bInstituto nacional de investigación agraria,
_c1993.
300 _a185 paginas ;
_c22 cm.
505 _aContenido: La alpaca -- reproducción -- Manejo -- Sanidad -- Instrumental...
650 _aAlpaquero
_940045
650 _aHistoria
_9136
942 _2ddc
_cLIBROS
945 _apjha
_d2019-05-16